000 00414 a2200157 4500
040 _aDLC
_bDLC
082 _a540
100 _aRehman Chaudhry
245 _aChemistry : class XII
_cDr. A. Rehman Chaudhry
250 _a2nd ed.
260 _aLahore :
_bPunjab textbook Board,
_c2002.
300 _a334 p. :
_bill. ;
_c24 cm.
650 _aChemistry.
700 _aDr. A. Rehman Chaudhry.
942 _cBK
_k540 REH
_2ddc
999 _c7848
_d7848